Top 3 Biggest Cities In Each Romanian County - Statistics

General Stats
  • This quiz has been taken 39 times
  • The average score is 56 of 123
Answers on the Map
Answers color-coded by a green-red scale on the quiz's map according to % correct below.
 
Answer Stats
County Population City % Correct
Timiș 250,849 Timișoara
89%
Arad 145,078 Arad
85%
Constanța 263,688 Constanța
85%
Bihor 183,105 Oradea
81%
Tulcea 65,624 Tulcea
81%
Bacău 136,087 Bacău
78%
Buzău 103,481 Buzău
78%
Dolj 234,140 Craiova
78%
Hunedoara 53,113 Deva
78%
Galați 217,851 Galați
78%
Giurgiu 54,551 Giurgiu
78%
Satu Mare 91,520 Satu Mare
78%
Sibiu 134,309 Sibiu
78%
Alba 64,227 Alba Iulia
74%
Brăila 154,686 Brăila
74%
Brașov 237,589 Brașov
74%
Călărași 58,211 Călărași
74%
Cluj 286,598 Cluj-Napoca
74%
Iași 271,692 Iași
74%
Neamț 79,679 Piatra Neamț
74%
Suceava 84,322 Suceava
74%
Mureș 116,033 Târgu Mureș
74%
Sălaj 52,359 Zalău
74%
Maramureș 108,759 Baia Mare
70%
Bistrița-Năsăud 78,877 Bistrița
70%
Ialomița 41,550 Slobozia
70%
Teleorman 40,390 Alexandria
67%
Botoșani 90,010 Botoșani
67%
Mehedinți 79,865 Drobeta-Turnu Severin
67%
Hunedoara 50,457 Hunedoara
67%
Harghita 34,484 Miercurea Ciuc
67%
Argeș 141,275 Pitești
67%
Prahova 180,540 Ploiești
67%
Vâlcea 93,151 Râmnicu Vâlcea
67%
Neamț 48,644 Roman
67%
Covasna 50,080 Sfântu Gheorghe
67%
Mureș 23,927 Sighișoara
67%
Gorj 73,545 Târgu Jiu
67%
Cluj 43,319 Turda
67%
Vaslui 63,035 Vaslui
67%
Vrancea 66,648 Focșani
63%
Cluj 31,475 Dej
59%
Timiș 35,450 Lugoj
59%
Dâmbovița 66,965 Târgoviște
59%
Alba 21,307 Aiud
56%
Sibiu 39,505 Mediaș
56%
Caraș-Severin 58,393 Reșița
56%
Olt 63,487 Slatina
56%
Ilfov 47,366 Voluntari
56%
Vaslui 52,475 Bârlad
52%
Brașov 26,284 Făgăraș
52%
Constanța 34,612 Medgidia
52%
Mureș 29,742 Reghin
52%
Olt 27,403 Caracal
48%
Covasna 9,208 Covasna
48%
Harghita 31,335 Odorheiu Secuiesc
48%
Alba 26,490 Sebeș
48%
Caraș-Severin 21,714 Caransebeș
44%
Hunedoara 31,044 Petroșani
44%
Teleorman 22,294 Roșiorii de Vede
44%
Neamț 18,029 Târgu Neamț
44%
Galați 32,801 Tecuci
44%
Argeș 27,574 Câmpulung
41%
Satu Mare 18,957 Carei
41%
Vaslui 25,045 Huși
41%
Sălaj 9,677 Jibou
41%
Iași 30,766 Pașcani
41%
Suceava 24,292 Rădăuți
41%
Bihor 15,792 Salonta
41%
Maramureș 32,793 Sighetu Marmației
41%
Covasna 16,243 Târgu Secuiesc
41%
Vrancea 15,178 Adjud
37%
Ialomița 27,465 Fetești
37%
Argeș 29,317 Mioveni
37%
Constanța 34,398 Năvodari
37%
Călărași 22,624 Oltenița
37%
Bacău 34,005 Onești
37%
Mehedinți 8,506 Orșova
37%
Buzău 29,774 Râmnicu Sărat
37%
Teleorman 19,597 Turnu Măgurele
37%
Bihor 13,573 Marghita
33%
Gorj 15,950 Motru
33%
Ilfov 53,434 Popești-Leordeni
33%
Gorj 10,246 Rovinari
33%
Ialomița 13,380 Urziceni
33%
Botoșani 22,893 Dorohoi
30%
Sălaj 13,948 Șimleu Silvaniei
30%
Tulcea 9,213 Babadag
26%
Maramureș 27,711 Borșa
26%
Vâlcea 15,617 Drăgășani
26%
Galați 5,946 Târgu Bujor
26%
Prahova 16,722 Băicoi
22%
Dolj 15,928 Băilești
22%
Giurgiu 12,806 Bolintin-Vale
22%
Ilfov 40,080 Bragadiru
22%
Prahova 28,993 Câmpina
22%
Sibiu 22,277 Cisnădie
22%
Botoșani 11,948 Darabani
22%
Harghita 15,884 Gheorgheni
22%
Iași 10,349 Hârlău
22%
Arad 11,950 Pecica
22%
Mehedinți 9,059 Strehaia
22%
Vâlcea 7,570 Băbeni
19%
Olt 16,114 Balș
19%
Dâmbovița 15,472 Moreni
19%
Bistrița-Năsăud 10,931 Sângeorz-Băi
19%
Timiș 10,627 Sânnicolau Mare
19%
Bacău 19,996 Comănești
15%
Suceava 23,902 Fălticeni
15%
Brăila 5,870 Însurăței
15%
Vrancea 11,314 Mărășești
15%
Brașov 30,920 Săcele
15%
Arad 12,460 Sântana
15%
Bistrița-Năsăud 11,260 Beclean
11%
Caraș-Severin 12,949 Bocșa
11%
Dolj 15,031 Filiași
11%
Brăila 8,969 Ianca
11%
Tulcea 7,248 Măcin
11%
Giurgiu 7,760 Mihăilești
11%
Satu Mare 14,616 Negrești-Oaș
11%
Buzău 9,464 Nehoiu
11%
Dâmbovița 12,953 Pucioasa
11%
Călărași 7,126 Budești
7%
No matching quizzes found
Score Distribution
Percent of People with Each Score
Percentile by Number Answered
Your Score History
You have not taken this quiz